000 00370nam a2200133Ia 4500
008 220217s9999||||xx |||||||||||||| ||und||
020 _a81-7656-791-4
082 _a621.381 01 TOO
100 _aTooley, Mike, B.A
_97067
245 0 _aEveryday electronics data book
260 _aBPB publications
_bNew Delhi
_c2009
300 _a250p.
_b99
650 _aELECTRONICS
999 _c180486
_d180486